| 000 | 00389pab a2200157 454500 | ||
|---|---|---|---|
| 008 | 180718b2010 xxu||||| |||| 00| 0 eng d | ||
| 100 | _aSaxena, A.P. | ||
| 245 | _aInter-institutional strategy for trainer development | ||
| 260 | _c2010 | ||
| 300 | _ap.1-16. | ||
| 362 | _aJan-Jun | ||
| 650 | _aV | ||
| 773 | _aASTI Journal of Training and Development | ||
| 908 | _aN | ||
| 909 | _a92694 | ||
| 999 |
_c92694 _d92694 |
||